000 00754nam a2200217Ii 4500
003 JO-AjNU
008 230605s9999||||xx |||||||||||||| ||und||
017 _a2010/2089
020 _a978-977-479-828-1
040 _aJO-AjNU
_bara
_erda
_cJO-AjNU
041 _aara
050 1 4 _aBH39.L3452.2010
100 3 _aلالو،شارل ، ماهر،مصطفى/ترجمة ، مراد،يوسف/مراجعة وتقديم,
_eauthor
_933822
245 0 0 _aمبادئ علم الجمال (الإستطيقا)
264 3 1 _aالقاهرة:المركز القومي للترجمة ،2010
300 _a192ص
336 _atext
_btxt
_2rdacontent
337 _aunmediated
_bn
_2rdamedia
338 _avolume
_bnc
_2rdacarrier
650 4 _aالجمال-علم
_933823
999 _aA13805
_c17373
_d17373